00243nam a2200073Ia 4500008004100000082001300041100002200054245009300076190716s9999 xx 000 0 und d aTL-60;2# aLakshmi Sree, E.  0aTry-out of integration of population education in B.Ed. curriculum : an experiment Vol.2